Estadísticas para Hierbas aromaticas

Haz click aquí para tomar la prueba!

Estadísticas generales

  • Esta prueba ha sido tomada 24 veces
  • La puntuación promedio es 7 de 15

Estadísticas de respuestas

Respuesta% Correcto
Jengibre
86%
Lavanda
86%
Menta
86%
Perejil
86%
Romero
86%
Albahaca
67%
Cilantro
57%
Manzanilla
52%
Clavo
38%
Oregano
38%
Anis
24%
Cardamomo
14%
Laurel
10%
Borago
0%
Cebollin
0%

Distribución de puntuación

Porcentaje por número respondido

Porcentaje de gente con cada puntuación

Historial de tus puntuaciones

No has tomado esta prueba